[Event "1. Bundesliga 2013/2014"]
[Site "Jenbach, Wolfsberg, St. Veit/Glan"]
[Date "2013.12.06"]
[Round "1"]
[Board "1"]
[White "Luther, Thomas"]
[Black "Baumegger, Siegfried"]
[Result "1-0"]
[WhiteElo "2571"]
[BlackElo "2476"]
[PlyCount "81"]
[EventDate "2013.12.06"]
[EventType "team"]
[EventRounds "11"]
[EventCountry "AUT"]
[WhiteTeam "SK Absam"]
[BlackTeam "tschaturanga"]

1. e4 c5 2. Nf3 Nc6 3. d4 cxd4 4. Nxd4 g6 5. Be2 Bg7 6. Nb3 Nf6 7. Nc3 O-O 8.
O-O d6 9. Re1 b6 10. Nd5 Bb7 11. Nxf6+ Bxf6 12. c3 Qc7 13. Bf1 Rac8 14. Qe2
Rfd8 15. Bf4 Be5 16. Bxe5 Nxe5 17. Rad1 Nd7 18. Nd4 Nf6 19. f3 a6 20. Kh1 e5
21. Nc2 h5 22. Ne3 Kg7 23. Qf2 d5 24. exd5 Nxd5 25. Nxd5 Rxd5 26. Rxd5 Bxd5 27.
f4 Bxa2 28. fxe5 a5 29. c4 Qc6 30. e6 fxe6 31. b3 Bxb3 32. Qb2+ Kh7 33. Qxb3
Rf8 34. Qe3 a4 35. Kg1 Ra8 36. Ra1 Qd6 37. Ra3 Ra5 38. Rd3 Qc5 39. Qxc5 bxc5
40. Ra3 Kg7 41. Kf2 1-0

[Event "1. Bundesliga 2013/2014"]
[Site "Jenbach, Wolfsberg, St. Veit/Glan"]
[Date "2013.12.06"]
[Round "1"]
[Board "2"]
[White "Srienz, Christian"]
[Black "Rotstein, Arkadij"]
[Result "0-1"]
[WhiteElo "2280"]
[BlackElo "2501"]
[PlyCount "54"]
[EventDate "2013.12.06"]
[EventType "team"]
[EventRounds "11"]
[EventCountry "AUT"]
[WhiteTeam "tschaturanga"]
[BlackTeam "SK Absam"]

1. c4 e5 2. g3 d6 3. d4 exd4 4. Nf3 c5 5. e3 dxe3 6. Bxe3 Nf6 7. Nc3 Nc6 8. Bg2
Be7 9. O-O O-O 10. Qd2 Be6 11. b3 d5 12. cxd5 Nxd5 13. Nxd5 Bxd5 14. Rfd1 Be6
15. Qc3 Qb6 16. Ng5 Nd4 17. Qd3 Bf5 18. Ne4 Rad8 19. Bf4 Qg6 20. Re1 Rfe8 21.
Rac1 Bf8 22. Qe3 Re6 23. b4 Rde8 24. bxc5 Rxe4 25. Bxe4 Rxe4 26. Qc3 Ne2+ 27.
Rxe2 Rxe2 0-1

[Event "1. Bundesliga 2013/2014"]
[Site "Jenbach, Wolfsberg, St. Veit/Glan"]
[Date "2013.12.06"]
[Round "1"]
[Board "3"]
[White "Deglmann, Ludwig"]
[Black "Sadilek, Peter"]
[Result "1/2-1/2"]
[WhiteElo "2370"]
[BlackElo "2240"]
[PlyCount "89"]
[EventDate "2013.12.06"]
[EventType "team"]
[EventRounds "11"]
[EventCountry "AUT"]
[WhiteTeam "SK Absam"]
[BlackTeam "tschaturanga"]

1. d4 Nf6 2. c4 e6 3. Nc3 Bb4 4. e3 O-O 5. Nge2 Re8 6. a3 Bf8 7. d5 a5 8. g3
Na6 9. Bg2 Nc5 10. b3 exd5 11. cxd5 b6 12. O-O Ba6 13. Ra2 Nfe4 14. Nxe4 Nxe4
15. Rc2 Nc5 16. Rd2 a4 17. b4 Nb3 18. Rc2 Nxc1 19. Qxc1 Bd6 20. Rd1 Bxe2 21.
Rxe2 f5 22. Qc2 Qf6 23. Bh3 g6 24. Rde1 Re7 25. f4 Kg7 26. Bg2 h5 27. h4 Kh6
28. Kh2 Kg7 29. Kg1 Kh6 30. Bf3 Kg7 31. Kg2 Kh6 32. e4 fxe4 33. Rxe4 Rxe4 34.
Rxe4 Qa1 35. Qd3 Qb2+ 36. Re2 Qb3 37. Qd2 Kg7 38. Re3 Qb1 39. Qd4+ Kf7 40. Be4
Qa2+ 41. Kh3 Rg8 42. Bd3 Rg7 43. Qe4 Kg8 44. Qe8+ Bf8 45. Bxg6 1/2-1/2

[Event "1. Bundesliga 2013/2014"]
[Site "Jenbach, Wolfsberg, St. Veit/Glan"]
[Date "2013.12.06"]
[Round "1"]
[Board "4"]
[White "Wukits, Rene"]
[Black "Pilz, Dieter"]
[Result "1-0"]
[WhiteElo "2267"]
[BlackElo "2269"]
[PlyCount "91"]
[EventDate "2013.12.06"]
[EventType "team"]
[EventRounds "11"]
[EventCountry "AUT"]
[WhiteTeam "tschaturanga"]
[BlackTeam "SK Absam"]

1. d4 c5 2. d5 d6 3. c4 b5 4. e4 bxc4 5. Bxc4 Nf6 6. Nc3 g6 7. h4 Bg7 8. Nge2
Nbd7 9. Ng3 O-O 10. h5 Nb6 11. Be2 e6 12. hxg6 hxg6 13. Bh6 Bxh6 14. Rxh6 exd5
15. Qd2 Nh7 16. O-O-O Qg5 17. Qxg5 Nxg5 18. Rdh1 Kg7 19. exd5 Bd7 20. f4 Nh3
21. Rh4 g5 22. Nh5+ Kh6 23. R4xh3 Bxh3 24. Rxh3 gxf4 25. Ne4 Kg6 26. Bd3 Kf5
27. g3 Ke5 28. Nxf4 Rh8 29. Rxh8 Rxh8 30. Ng5 Rh1+ 31. Kd2 Kf6 32. Nf3 Nd7 33.
Be4 Ra1 34. a3 Ne5 35. Nh5+ Ke7 36. Nxe5 dxe5 37. Ng7 Rg1 38. Nf5+ Kd7 39. Bd3
Rg2+ 40. Kc3 Rf2 41. Bb5+ Kd8 42. Nd6 Kc7 43. Ne4 Rf3+ 44. Kc4 f5 45. d6+ Kb6
46. d7 1-0

[Event "1. Bundesliga 2013/2014"]
[Site "Jenbach, Wolfsberg, St. Veit/Glan"]
[Date "2013.12.06"]
[Round "1"]
[Board "5"]
[White "De Francesco, Klaus"]
[Black "Leitner, Gerald"]
[Result "1/2-1/2"]
[WhiteElo "2231"]
[BlackElo "2199"]
[PlyCount "113"]
[EventDate "2013.12.06"]
[EventType "team"]
[EventRounds "11"]
[EventCountry "AUT"]
[WhiteTeam "SK Absam"]
[BlackTeam "tschaturanga"]

1. d4 Nf6 2. c4 c5 3. d5 e6 4. Nc3 exd5 5. cxd5 d6 6. e4 g6 7. Nge2 Bg7 8. Ng3
a6 9. a4 Nbd7 10. Be2 Qc7 11. O-O Rb8 12. f4 O-O 13. e5 dxe5 14. d6 Qa5 15.
fxe5 Nxe5 16. Bg5 Nfd7 17. Be7 c4 18. Bxf8 Kxf8 19. Nge4 Nc5 20. Qd5 Nb3 21.
Qxa5 Nxa5 22. Rad1 Bf5 23. Nc5 Ke8 24. g4 Bd7 25. Nxd7 Kxd7 26. g5 Rd8 27. Bg4+
Kc6 28. Bf3+ Kd7 29. Bd5 Ke8 30. Ne4 Kf8 31. Nf6 Rxd6 32. Be4 Nd3 33. Bxd3 cxd3
34. Rf3 d2 35. b3 h6 36. h4 hxg5 37. hxg5 Rd4 38. Kf1 Nc6 39. Ke2 Ne5 40. Rc3
Nd7 41. Nxd7+ Rxd7 42. Rc8+ Ke7 43. Rxd2 Rxd2+ 44. Kxd2 Be5 45. Ke3 Bd6 46. Ke4
Kd7 47. Rc2 Be7 48. Kf4 Bd6+ 49. Kg4 Ke6 50. Re2+ Kd7 51. Rf2 Ke7 52. Rf6 a5
53. Kf3 b6 54. Ke4 Bc5 55. Rf3 Ke6 56. Rf1 Be7 57. Rg1 1/2-1/2

[Event "1. Bundesliga 2013/2014"]
[Site "Jenbach, Wolfsberg, St. Veit/Glan"]
[Date "2013.12.06"]
[Round "1"]
[Board "1"]
[White "Rozentalis, Eduardas"]
[Black "Babula, Vlastimil"]
[Result "1/2-1/2"]
[WhiteElo "2623"]
[BlackElo "2566"]
[PlyCount "64"]
[EventDate "2013.12.06"]
[EventType "team"]
[EventRounds "11"]
[EventCountry "AUT"]
[WhiteTeam "SK Hohenems"]
[BlackTeam "Union Ansfelden"]

1. e4 e5 2. Nf3 Nc6 3. Bb5 Nf6 4. d3 d6 5. O-O Be7 6. h3 O-O 7. c3 Bd7 8. Ba4
Re8 9. Nbd2 Bf8 10. Nc4 h6 11. Re1 Ne7 12. Bc2 Ng6 13. a4 c6 14. Ne3 d5 15. a5
Be6 16. exd5 cxd5 17. d4 e4 18. Ne5 Bd6 19. Nxg6 fxg6 20. c4 dxc4 21. d5 Bf7
22. Nxc4 Bb4 23. Bd2 Bxd2 24. Qxd2 Bxd5 25. Ne3 Bf7 26. Qb4 Qe7 27. Ra4 Rac8
28. Rd1 Qxb4 29. Rxb4 Rc7 30. Bb3 Bxb3 31. Rxb3 Kf7 32. Rd4 Ree7 1/2-1/2

[Event "1. Bundesliga 2013/2014"]
[Site "Jenbach, Wolfsberg, St. Veit/Glan"]
[Date "2013.12.06"]
[Round "1"]
[Board "2"]
[White "Weiss, Christian"]
[Black "Bindrich, Falko"]
[Result "0-1"]
[WhiteElo "2386"]
[BlackElo "2591"]
[PlyCount "86"]
[EventDate "2013.12.06"]
[EventType "team"]
[EventRounds "11"]
[EventCountry "AUT"]
[WhiteTeam "Union Ansfelden"]
[BlackTeam "SK Hohenems"]

1. c4 Nf6 2. Nf3 c6 3. Nc3 d5 4. e3 Bg4 5. Qb3 Qb6 6. Ne5 Be6 7. Na4 Qc7 8. Nc5
Bc8 9. d4 e6 10. Ncd3 Nbd7 11. Nxd7 Bxd7 12. Be2 Be7 13. Bd2 a5 14. Rc1 Ne4 15.
Bf3 Nxd2 16. Kxd2 a4 17. Qc3 Qd8 18. Ke2 O-O 19. Rhd1 Bd6 20. g3 Qe7 21. Kf1
Rfd8 22. Kg1 Be8 23. b4 axb3 24. axb3 Qf6 25. Bg2 h5 26. b4 dxc4 27. Qxc4 h4
28. Nc5 Qe7 29. e4 e5 30. dxe5 Bxe5 31. f4 Bb2 32. Rb1 b5 33. Qc2 Bd4+ 34. Kf1
f6 35. Nb3 Bb6 36. Nc5 hxg3 37. hxg3 Bf7 38. Bf3 Rxd1+ 39. Rxd1 Ra2 40. Qc3
Bc4+ 41. Kg1 Bxc5+ 42. bxc5 Qxc5+ 43. Qd4 Qa3 0-1

[Event "1. Bundesliga 2013/2014"]
[Site "Jenbach, Wolfsberg, St. Veit/Glan"]
[Date "2013.12.06"]
[Round "1"]
[Board "3"]
[White "Breder, Dennis"]
[Black "Knoll, Hermann"]
[Result "1-0"]
[WhiteElo "2478"]
[BlackElo "2302"]
[PlyCount "89"]
[EventDate "2013.12.06"]
[EventType "team"]
[EventRounds "11"]
[EventCountry "AUT"]
[WhiteTeam "SK Hohenems"]
[BlackTeam "Union Ansfelden"]

1. e4 e5 2. Nf3 Nc6 3. Nc3 Nf6 4. d4 exd4 5. Nxd4 Bb4 6. Nxc6 bxc6 7. Bd3 O-O
8. O-O Re8 9. Qf3 Bd6 10. Bf4 Bxf4 11. Qxf4 d6 12. Rae1 Rb8 13. b3 Nd7 14. Qd2
Nc5 15. e5 Nxd3 16. Qxd3 dxe5 17. Rxe5 Be6 18. Qe3 Qd6 19. Re1 Red8 20. f4 Qd2
21. f5 Qxe3+ 22. R1xe3 Bd7 23. Ra5 Ra8 24. Rd3 Kf8 25. Kf2 Ke7 26. Ke3 Rdb8 27.
a3 f6 28. g4 h5 29. h3 hxg4 30. hxg4 Rh8 31. Ne4 Rh3+ 32. Kf4 Rh2 33. Rd2 Rh3
34. Nc5 Bc8 35. Ra4 Rc3 36. Ne4 Rh3 37. Rad4 Rh8 38. Nc5 Kf7 39. Rd8 Rxd8 40.
Rxd8 Ke7 41. Ne6 a5 42. Rg8 g5+ 43. fxg6 Kxe6 44. Re8+ Kd7 45. Rf8 1-0

[Event "1. Bundesliga 2013/2014"]
[Site "Jenbach, Wolfsberg, St. Veit/Glan"]
[Date "2013.12.06"]
[Round "1"]
[Board "4"]
[White "Moser, Guenter"]
[Black "Atlas, Valery"]
[Result "1/2-1/2"]
[WhiteElo "2349"]
[BlackElo "2444"]
[PlyCount "90"]
[EventDate "2013.12.06"]
[EventType "team"]
[EventRounds "11"]
[EventCountry "AUT"]
[WhiteTeam "Union Ansfelden"]
[BlackTeam "SK Hohenems"]

1. d4 Nf6 2. c4 c5 3. d5 e5 4. Nc3 d6 5. e4 Nbd7 6. Bd3 g6 7. Nge2 Bg7 8. f3
O-O 9. g4 h5 10. Ng3 h4 11. Nf1 Nh7 12. Qe2 a6 13. Bd2 Bf6 14. Ne3 Bg5 15.
O-O-O Bf4 16. Kb1 Rb8 17. Ka1 Ndf6 18. Ng2 Bxd2 19. Rxd2 g5 20. Ne3 Re8 21. Rb1
Nf8 22. b4 cxb4 23. Rxb4 N6d7 24. Qd1 Nc5 25. Rdb2 Qc7 26. Rb1 Rd8 27. Bf1 f6
28. Qd2 Bd7 29. Qc1 Be8 30. Be2 Bg6 31. Qd2 Rdc8 32. Ned1 Nfd7 33. R4b2 Qd8 34.
Rb4 Rc7 35. Qc1 Rbc8 36. Qa3 Qe7 37. R4b2 Be8 38. Rb4 Nf8 39. Ne3 Bg6 40. Qb2
Nfd7 41. Qd2 Qd8 42. Ned1 Qe7 43. R4b2 Bh7 44. Rb4 Bg6 45. R4b2 Bh7 1/2-1/2

[Event "1. Bundesliga 2013/2014"]
[Site "Jenbach, Wolfsberg, St. Veit/Glan"]
[Date "2013.12.06"]
[Round "1"]
[Board "5"]
[White "Froewis, Georg"]
[Black "Felsberger, Alfred"]
[Result "1/2-1/2"]
[WhiteElo "2430"]
[BlackElo "2352"]
[PlyCount "61"]
[EventDate "2013.12.06"]
[EventType "team"]
[EventRounds "11"]
[EventCountry "AUT"]
[WhiteTeam "SK Hohenems"]
[BlackTeam "Union Ansfelden"]

1. d4 Nf6 2. c4 e6 3. Nf3 Bb4+ 4. Nbd2 b6 5. a3 Bxd2+ 6. Qxd2 Bb7 7. e3 O-O 8.
Be2 a5 9. b3 d6 10. O-O Nbd7 11. Bb2 Qe7 12. Rad1 Ne4 13. Qc2 f5 14. d5 e5 15.
Bd3 Ndc5 16. Nd2 Nxd3 17. Qxd3 Nxd2 18. Qxd2 f4 19. f3 Rae8 20. Rde1 Qg5 21.
exf4 Qxf4 22. Qxf4 Rxf4 23. Bc1 Rff8 24. a4 Bc8 25. Re3 Bd7 26. Rf2 h6 27. Kf1
Rf5 28. Bd2 Kf7 29. Re1 g5 30. h3 Kg6 31. Re3 1/2-1/2

[Event "1. Bundesliga 2013/2014"]
[Site "Jenbach, Wolfsberg, St. Veit/Glan"]
[Date "2013.12.06"]
[Round "1"]
[Board "6"]
[White "Ennsberger, Ulrich"]
[Black "Novkovic, Milan"]
[Result "1-0"]
[WhiteElo "2339"]
[BlackElo "2380"]
[PlyCount "137"]
[EventDate "2013.12.06"]
[EventType "team"]
[EventRounds "11"]
[EventCountry "AUT"]
[WhiteTeam "Union Ansfelden"]
[BlackTeam "SK Hohenems"]

1. e4 e6 2. d3 d5 3. Nd2 c5 4. Ngf3 Nc6 5. g3 g6 6. Bg2 Bg7 7. O-O Nge7 8. Re1
b6 9. Nf1 dxe4 10. dxe4 Qxd1 11. Rxd1 O-O 12. c3 Ba6 13. Bf4 Rfd8 14. h4 Be2
15. Rd2 Rxd2 16. N1xd2 Rd8 17. Bf1 Bxf1 18. Kxf1 b5 19. Be3 c4 20. a4 a6 21.
axb5 axb5 22. Ra6 Rb8 23. Bf4 e5 24. Be3 f6 25. Bc5 Rb7 26. Ke2 Kf7 27. g4 Nd8
28. Be3 Ne6 29. Ne1 Nc8 30. Rc6 Ne7 31. Ra6 Nc8 32. Nc2 Bf8 33. Na3 Nc7 34. Ra5
Ke6 35. h5 Ne7 36. Nc2 Nc6 37. Ra1 g5 38. b3 cxb3 39. Nxb3 Rb8 40. Ra2 Bd6 41.
Nc5+ Ke7 42. Ra1 Ra8 43. Rxa8 Nxa8 44. Nb7 Nc7 45. Bb6 Ne6 46. Ne3 Nf4+ 47. Kd2
Kd7 48. Nf5 Bf8 49. Kc2 Kc8 50. Nbd6+ Kd7 51. Nxb5 Ne6 52. Ne3 Bc5 53. Nd5 Be7
54. Kd3 Ke8 55. Nbc7+ Nxc7 56. Nxc7+ Kd7 57. Nd5 Ke6 58. Kc4 Bd8 59. Kb5 Bxb6
60. Kxb6 Nd4 61. c4 Nb3 62. c5 Nd2 63. f3 Nxf3 64. c6 Nd2 65. c7 Nc4+ 66. Kb7
Nd6+ 67. Kb8 f5 68. gxf5+ Kf7 69. Ne3 1-0

[Event "1. Bundesliga 2013/2014"]
[Site "Jenbach, Wolfsberg, St. Veit/Glan"]
[Date "2013.12.06"]
[Round "1"]
[Board "1"]
[White "Prohaszka, Peter"]
[Black "Postny, Evgeny"]
[Result "0-1"]
[WhiteElo "2577"]
[BlackElo "2635"]
[PlyCount "132"]
[EventDate "2013.12.06"]
[EventType "team"]
[EventRounds "11"]
[EventCountry "AUT"]
[WhiteTeam "SV Jacques Lemans St. Veit"]
[BlackTeam "SIR Bernhard Glatz"]

1. d4 Nf6 2. Nf3 e6 3. Bf4 c5 4. e3 d5 5. c3 Nc6 6. Nbd2 Bd6 7. Bg3 O-O 8. Bd3
b6 9. Qe2 Bb7 10. O-O Re8 11. Ne5 Ne7 12. Bb5 Bxe5 13. dxe5 Nd7 14. e4 a6 15.
Bd3 c4 16. Bc2 Nc5 17. Rad1 b5 18. Qh5 h6 19. Nf3 Qc8 20. exd5 Bxd5 21. Rfe1
Qb7 22. Rd4 Nd3 23. Bxd3 cxd3 24. Rxd3 Bxa2 25. Red1 Bd5 26. Nh4 Ng6 27. Nf5
exf5 28. Rxd5 f4 29. Rd7 Rxe5 30. Qg4 Qe4 31. f3 Qf5 32. Qxf5 Rxf5 33. Rd8+
Rxd8 34. Rxd8+ Kh7 35. Bf2 a5 36. Ra8 a4 37. c4 bxc4 38. Rxa4 Rd5 39. g3 Ne5
40. gxf4 Nxf3+ 41. Kg2 Nd2 42. Be1 Kg6 43. Kf2 Ne4+ 44. Kf3 Nd6 45. Bb4 Rd3+
46. Ke2 Ne4 47. Be1 Rb3 48. Rxc4 Rxb2+ 49. Kf3 f5 50. Rc6+ Kh5 51. Bg3 g5 52.
fxg5 hxg5 53. Rc8 Rb3+ 54. Kg2 f4 55. Rh8+ Kg6 56. Be1 f3+ 57. Kf1 Rb1 58. Re8
Kf5 59. Rf8+ Ke5 60. h3 Kd4 61. Rd8+ Ke3 62. Re8 f2 63. Rxe4+ Kf3 64. h4 g4 65.
Re8 Rxe1+ 66. Rxe1 g3 0-1

[Event "1. Bundesliga 2013/2014"]
[Site "Jenbach, Wolfsberg, St. Veit/Glan"]
[Date "2013.12.06"]
[Round "1"]
[Board "2"]
[White "Bromberger, Stefan"]
[Black "Kuljasevic, Davorin"]
[Result "1/2-1/2"]
[WhiteElo "2500"]
[BlackElo "2567"]
[PlyCount "73"]
[EventDate "2013.12.06"]
[EventType "team"]
[EventRounds "11"]
[EventCountry "AUT"]
[WhiteTeam "SIR Bernhard Glatz"]
[BlackTeam "SV Jacques Lemans St. Veit"]

1. e4 e5 2. Nf3 Nc6 3. Bb5 a6 4. Ba4 Nf6 5. O-O Be7 6. Re1 b5 7. Bb3 d6 8. c3
O-O 9. h3 h6 10. d4 Re8 11. Nbd2 Bf8 12. a4 Bd7 13. d5 Ne7 14. c4 Ng6 15. Nf1
c6 16. dxc6 Bxc6 17. Ng3 bxc4 18. Bxc4 d5 19. exd5 Bxd5 20. Bxd5 Qxd5 21. Bd2
e4 22. Nh2 Bc5 23. Be3 Bxe3 24. Rxe3 Rab8 25. Qxd5 Nxd5 26. Rxe4 Rxe4 27. Nxe4
Rxb2 28. Nf3 Ngf4 29. Nc5 a5 30. Nd4 Nc3 31. Kf1 Rb4 32. Ndb3 Nd3 33. Nxd3 Rxb3
34. Ne5 Rb4 35. Nc6 Rxa4 36. Rxa4 Nxa4 37. Nxa5 1/2-1/2

[Event "1. Bundesliga 2013/2014"]
[Site "Jenbach, Wolfsberg, St. Veit/Glan"]
[Date "2013.12.06"]
[Round "1"]
[Board "3"]
[White "Bosiocic, Marin"]
[Black "Mons, Leon"]
[Result "1-0"]
[WhiteElo "2554"]
[BlackElo "2418"]
[PlyCount "45"]
[EventDate "2013.12.06"]
[EventType "team"]
[EventRounds "11"]
[EventCountry "AUT"]
[WhiteTeam "SV Jacques Lemans St. Veit"]
[BlackTeam "SIR Bernhard Glatz"]

1. d4 d5 2. Bf4 Nf6 3. e3 c5 4. Nc3 a6 5. dxc5 Qa5 6. h3 Nc6 7. a3 Qxc5 8. Nf3
g6 9. Bd3 Bg7 10. O-O O-O 11. Rb1 Nh5 12. Bh2 Bxc3 13. bxc3 Qxc3 14. Rb3 Qc5
15. Qc1 b5 16. e4 dxe4 17. Bxe4 Nf6 18. Bxc6 Qxc6 19. Qh6 Bb7 20. Be5 Ne8 21.
Rc3 Qd5 22. Rc5 Qxc5 23. Ng5 1-0

[Event "1. Bundesliga 2013/2014"]
[Site "Jenbach, Wolfsberg, St. Veit/Glan"]
[Date "2013.12.06"]
[Round "1"]
[Board "5"]
[White "Hoelzl, Franz"]
[Black "Schramm, Christian"]
[Result "1-0"]
[WhiteElo "2336"]
[BlackElo "2394"]
[PlyCount "77"]
[EventDate "2013.12.06"]
[EventType "team"]
[EventRounds "11"]
[EventCountry "AUT"]
[WhiteTeam "SV Jacques Lemans St. Veit"]
[BlackTeam "SIR Bernhard Glatz"]

1. d4 Nf6 2. Nf3 e6 3. c4 c5 4. d5 b5 5. dxe6 fxe6 6. cxb5 Be7 7. g3 O-O 8. Bg2
a6 9. bxa6 Bxa6 10. Ng5 Ra7 11. Nc3 h6 12. Nh3 Qe8 13. O-O d5 14. Nf4 Bd6 15.
b3 Nbd7 16. Qc2 Ne5 17. Bb2 g5 18. Nfxd5 exd5 19. Nxd5 Bb7 20. Rad1 Nxd5 21.
Bxd5+ Bxd5 22. Rxd5 Qe6 23. Qe4 Re7 24. Bxe5 Bxe5 25. Rxc5 Kg7 26. Kg2 Rf6 27.
Qc4 Qb6 28. a4 Ref7 29. a5 Qa7 30. e3 Bd6 31. Rd5 Qa8 32. Qd4 Bc7 33. b4 Kg8
34. Kg1 Qf8 35. e4 Rf3 36. e5 Rb3 37. Rc5 Bb8 38. b5 Qe7 39. Rc8+ 1-0

[Event "1. Bundesliga 2013/2014"]
[Site "Jenbach, Wolfsberg, St. Veit/Glan"]
[Date "2013.12.06"]
[Round "1"]
[Board "6"]
[White "Pitl, Gregory"]
[Black "Genser, Harald"]
[Result "1/2-1/2"]
[WhiteElo "2389"]
[BlackElo "2294"]
[PlyCount "72"]
[EventDate "2013.12.06"]
[EventType "team"]
[EventRounds "11"]
[EventCountry "AUT"]
[WhiteTeam "SIR Bernhard Glatz"]
[BlackTeam "SV Jacques Lemans St. Veit"]

1. e4 e6 2. d4 d5 3. e5 c5 4. c3 Nc6 5. Nf3 Nge7 6. Bd3 cxd4 7. cxd4 Nf5 8.
Bxf5 exf5 9. Nc3 Be6 10. h4 h6 11. Kf1 g6 12. Be3 Qb6 13. Na4 Qb5+ 14. Kg1 Be7
15. b3 Kf8 16. Nc5 Kg7 17. Rc1 Rac8 18. g3 b6 19. a4 Qa5 20. Nb7 Qa6 21. Nd6
Bxd6 22. exd6 Qb7 23. Kg2 f6 24. Re1 Qd7 25. Qe2 Bf7 26. Qd2 Qxd6 27. Bf4 Qd7
28. Rc3 g5 29. hxg5 hxg5 30. Bxg5 f4 31. Bh4 fxg3 32. fxg3 Bg6 33. Qf4 Qf5 34.
Qc1 Qd7 35. Qf4 Qf5 36. Qc1 Qd7 1/2-1/2

[Event "1. Bundesliga 2013/2014"]
[Site "Jenbach, Wolfsberg, St. Veit/Glan"]
[Date "2013.12.06"]
[Round "1"]
[Board "1"]
[White "Kozul, Zdenko"]
[Black "Lenic, Luka"]
[Result "0-1"]
[WhiteElo "2586"]
[BlackElo "2654"]
[PlyCount "102"]
[EventDate "2013.12.06"]
[EventType "team"]
[EventRounds "11"]
[EventCountry "AUT"]
[WhiteTeam "SV Wolfsberg"]
[BlackTeam "SV Raika Rapid Feffernitz"]

1. d4 Nf6 2. c4 e6 3. Nf3 d5 4. Nc3 c5 5. e3 cxd4 6. exd4 Bb4 7. cxd5 Nxd5 8.
Bd2 Nc6 9. Bb5 O-O 10. O-O Nce7 11. Bd3 Bd7 12. Ne5 Be8 13. Re1 Rc8 14. Qf3 Ng6
15. Bxg6 hxg6 16. Rad1 Bxc3 17. bxc3 f6 18. Ng4 Bf7 19. Rb1 b6 20. h4 Qd7 21.
Rec1 Rc4 22. Ne3 Nxe3 23. Bxe3 Rfc8 24. Rb3 Qa4 25. Qe2 Qa5 26. Qb2 Qd5 27. Ra3
Qb7 28. Re1 Be8 29. Qc2 a5 30. Bc1 Qd5 31. Qb2 Qc6 32. Rb3 b5 33. Bd2 Qd5 34.
a3 Bc6 35. f3 Kf7 36. Rb1 Rh8 37. Rxb5 Bxb5 38. Qxb5 Rhc8 39. Qxd5 exd5 40. Rb5
Ra4 41. Rxd5 Rxa3 42. Rd7+ Kg8 43. d5 Ra2 44. Bf4 Rxc3 45. Rd8+ Kh7 46. d6 Rd3
47. Ra8 Rd4 48. Bg3 a4 49. Kh2 a3 50. Kh3 Rd3 51. Bf4 Rc2 0-1

[Event "1. Bundesliga 2013/2014"]
[Site "Jenbach, Wolfsberg, St. Veit/Glan"]
[Date "2013.12.06"]
[Round "1"]
[Board "2"]
[White "Sebenik, Matej"]
[Black "Stevic, Hrvoje"]
[Result "0-1"]
[WhiteElo "2497"]
[BlackElo "2620"]
[PlyCount "84"]
[EventDate "2013.12.06"]
[EventType "team"]
[EventRounds "11"]
[EventCountry "AUT"]
[WhiteTeam "SV Raika Rapid Feffernitz"]
[BlackTeam "SV Wolfsberg"]

1. d4 d5 2. c4 dxc4 3. e3 Nf6 4. Bxc4 e6 5. Nf3 a6 6. O-O b5 7. Bd3 Bb7 8. a4
b4 9. Nbd2 c5 10. e4 Nc6 11. e5 Nd7 12. Be4 cxd4 13. Nb3 Qb6 14. Re1 Nc5 15. a5
Qa7 16. Nxc5 Bxc5 17. Bf4 h6 18. Nd2 d3 19. Be3 Bxe3 20. Rxe3 O-O 21. Nc4 Rad8
22. Bxd3 Rd4 23. Qe2 Qc5 24. b3 Ba8 25. Rg3 Rfd8 26. h3 Kf8 27. Bc2 Ne7 28. Re1
Nd5 29. Be4 Nc3 30. Qg4 g6 31. Nd6 Nxe4 32. Nxe4 Qxe5 33. Rge3 f5 34. Qxg6 Rxe4
35. Rxe4 fxe4 36. Qxh6+ Kf7 37. Qh7+ Qg7 38. Qh5+ Qg6 39. Qe5 e3 40. f3 Rd2 41.
g4 Qf6 42. Qxe3 Qd4 0-1

[Event "1. Bundesliga 2013/2014"]
[Site "Jenbach, Wolfsberg, St. Veit/Glan"]
[Date "2013.12.06"]
[Round "1"]
[Board "3"]
[White "Jovanovic, Zoran"]
[Black "Diermair, Andreas"]
[Result "1/2-1/2"]
[WhiteElo "2548"]
[BlackElo "2456"]
[PlyCount "59"]
[EventDate "2013.12.06"]
[EventType "team"]
[EventRounds "11"]
[EventCountry "AUT"]
[WhiteTeam "SV Wolfsberg"]
[BlackTeam "SV Raika Rapid Feffernitz"]

1. e4 e5 2. Nf3 Nc6 3. Bc4 Bc5 4. O-O Nf6 5. d3 O-O 6. Bb3 h6 7. c3 d6 8. h3
Re8 9. Re1 a6 10. Nbd2 Be6 11. Bxe6 Rxe6 12. Nf1 d5 13. Qe2 Qd7 14. Ng3 Rd8 15.
Bd2 dxe4 16. dxe4 Rd6 17. Be3 Bxe3 18. Qxe3 Kh7 19. Nf5 Re6 20. Qe2 Qd3 21.
Qxd3 Rxd3 22. Rad1 Rxd1 23. Rxd1 g6 24. Ng3 Kg7 25. Kf1 Kf8 26. Ke2 Ke7 27. Rd3
Rd6 28. Nd2 Ke6 29. Nb3 b6 30. f3 1/2-1/2

[Event "1. Bundesliga 2013/2014"]
[Site "Jenbach, Wolfsberg, St. Veit/Glan"]
[Date "2013.12.06"]
[Round "1"]
[Board "5"]
[White "Hresc, Vladimir"]
[Black "Novak, Pavel"]
[Result "1/2-1/2"]
[WhiteElo "2409"]
[BlackElo "2353"]
[PlyCount "91"]
[EventDate "2013.12.06"]
[EventType "team"]
[EventRounds "11"]
[EventCountry "AUT"]
[WhiteTeam "SV Wolfsberg"]
[BlackTeam "SV Raika Rapid Feffernitz"]

1. e4 c5 2. Nf3 Nc6 3. d4 cxd4 4. Nxd4 g6 5. Nc3 Bg7 6. Be3 Nf6 7. Be2 O-O 8.
O-O d5 9. exd5 Nxd5 10. Nxd5 Qxd5 11. Bf3 Qa5 12. Nxc6 bxc6 13. c3 Rb8 14. Qc1
c5 15. Rd1 Be6 16. Bd5 Bf5 17. Rd2 Rfd8 18. Qd1 Qc7 19. Qe2 c4 20. Qxc4 Qxc4
21. Bxc4 Rxd2 22. Bxd2 Rxb2 23. Rd1 Bc2 24. Re1 Ba4 25. Be3 Bxc3 26. Rf1 a5 27.
h3 Kg7 28. Rc1 Bf6 29. g4 h6 30. h4 g5 31. hxg5 hxg5 32. f3 Bc6 33. Rf1 a4 34.
Rf2 Rb1+ 35. Kg2 e6 36. Rc2 Bb7 37. Bc5 Bd5 38. Bxd5 exd5 39. Kf2 Be5 40. Be7
Bf4 41. Ke2 Rb6 42. Bc5 Re6+ 43. Kd3 Re1 44. Bd4+ Kf8 45. Rc5 Rd1+ 46. Kc3
 1/2-1/2

[Event "1. Bundesliga 2013/2014"]
[Site "Jenbach, Wolfsberg, St. Veit/Glan"]
[Date "2013.12.06"]
[Round "1"]
[Board "6"]
[White "Petschar, Kurt"]
[Black "Toefferl, Heimo"]
[Result "1/2-1/2"]
[WhiteElo "2303"]
[BlackElo "2114"]
[PlyCount "81"]
[EventDate "2013.12.06"]
[EventType "team"]
[EventRounds "11"]
[EventCountry "AUT"]
[WhiteTeam "SV Raika Rapid Feffernitz"]
[BlackTeam "SV Wolfsberg"]

1. c4 e6 2. d4 d5 3. Nc3 f5 4. cxd5 exd5 5. Bf4 c6 6. e3 Nf6 7. Bd3 Be7 8. Qc2
Ne4 9. Nge2 O-O 10. f3 Nd6 11. O-O Nd7 12. Bxd6 Bxd6 13. Bxf5 Qh4 14. g3 Qh6
15. e4 Nb6 16. Bxc8 Raxc8 17. e5 Be7 18. b3 c5 19. f4 cxd4 20. Nxd4 Bb4 21. Rf3
g5 22. f5 g4 23. Rd3 Nd7 24. a3 Bxc3 25. Rxc3 Rxc3 26. Qxc3 Nxe5 27. Re1 Qf6
28. Qe3 Re8 29. Kg2 Re7 30. Qf4 h5 31. Re3 Nc6 32. Rxe7 Nxe7 33. h3 gxh3+ 34.
Kxh3 Kf7 35. a4 a6 36. a5 b6 37. axb6 Qxb6 38. Qh4 Qh6 39. Kg2 Qd2+ 40. Kh3 Qh6
41. Kg2 1/2-1/2